| 000 | 00628nam a2200241Ia 4500 | ||
|---|---|---|---|
| 003 | OSt | ||
| 005 | 20220918173501.0 | ||
| 006 | a|||||r|||| 00| 0 | ||
| 007 | ta | ||
| 008 | 220917b |||||||| |||| 00| 0 eng d | ||
| 024 | _a6,832 | ||
| 037 | _cTextual | ||
| 040 |
_aARTS _cARTS _beng |
||
| 041 |
_2eng _aeng |
||
| 082 | _a2:(D65,8(B)), N8 | ||
| 100 |
_aShamim Ahmad _946188 |
||
| 245 | 0 | _aComputer in library management | |
| 260 |
_aNew Delhi _bA P H Pub _c1998 |
||
| 300 |
_av,251p _ccm. |
||
| 650 | _aLIBRARY SCIENCE | ||
| 942 |
_h2:(D65,8(B)), N8 _cTEXL _2CC |
||
| 999 |
_c148796 _d148796 |
||